[Event "Olimpiade 2024 - Donne"]
[Site "Budapest"]
[Date "15.09.2024"]
[Round "5.23"]
[Board "4"]
[White "Padilla Garcia, Cecilia Xasive"]
[Black "Makropoulou, Marina"]
[Result "1/2-1/2"]
[BlackTitle "WGM"]
[WhiteElo "1954"]
[BlackElo "2103"]
[WhiteTeam "Mexico"]
[BlackTeam "Greece"]
[WhiteFideId "5108373"]
[BlackFideId "4200187"]
[EventDate "2024.09.11"]

1. e4 c6 2. d4 d5 3. f3 e6 4. Nc3 Bb4 5. Bd3 dxe4 6. Bxe4 f5 7. Bd3 Qxd4 8. Ne2
Qh4+ 9. g3 Qe7 10. a3 Bc5 11. Na4 Nd7 12. Nxc5 Nxc5 13. Bc4 e5 14. Be3 Nf6 15.
Qd2 b5 16. b4 Nb7 17. Bb3 Be6 18. Qc3 Bd5 19. O-O Qe6 20. f4 Bxb3 21. fxe5 Bc4
22. exf6 Bxe2 23. fxg7 Rg8 24. Rfe1 Bf3 25. Bxa7 Be4 26. Bb6 Kf7 27. Bd4 Rad8
28. a4 Nd6 29. a5 Ne8 30. a6 Nxg7 31. a7 Nh5 32. Ra6 Qc4 33. Qxc4+ bxc4 34. c3
Ng7 35. Rea1 Ra8 36. Rb6 Ne6 37. Be5 Ng5 38. Rb7+ Ke6 39. Bb8 Bd5 40. Re1+ Be4
41. Rd1 Bd3 42. Re1+ Ne4 43. Rb6 Kd7 44. Rb7+ Ke6 45. Rb6 Kd7 46. Rb7+ Ke6 47.
Rb6 1/2-1/2

[Event "Olimpiade 2024 - Donne"]
[Site "Budapest"]
[Date "15.09.2024"]
[Round "5.24"]
[Board "1"]
[White "Efroimski, Marsel"]
[Black "Arakhamia-Grant, Ketevan"]
[Result "1/2-1/2"]
[WhiteTitle "IM"]
[BlackTitle "GM"]
[WhiteElo "2408"]
[BlackElo "2263"]
[WhiteTeam "Israel"]
[BlackTeam "Scotland"]
[WhiteFideId "2810964"]
[BlackFideId "13600168"]
[EventDate "2024.09.11"]

1. e4 c5 2. Nf3 Nc6 3. Bb5 d6 4. O-O Bd7 5. Re1 Nf6 6. c3 a6 7. Bf1 e5 8. d4
cxd4 9. cxd4 Bg4 10. d5 Nd4 11. Be3 Nxf3+ 12. gxf3 Bd7 13. a4 Be7 14. Nd2 b5 15.
axb5 axb5 16. Qb3 O-O 17. Qb4 Nh5 18. Nb3 f5 19. exf5 Bxf5 20. Rxa8 Qxa8 21.
Qxb5 Rb8 22. Ra1 Qb7 23. Qxb7 Rxb7 24. Bc4 Rb4 25. Rc1 Bf6 26. Bd2 Rb8 27. Bc3
Nf4 28. Na5 Nd3 29. Bxd3 Bxd3 30. Nc6 Rb5 31. Ra1 Be2 32. Ra8+ Kf7 33. Ra7+ Kg6
34. f4 Rxd5 35. fxe5 dxe5 36. Ne7+ Bxe7 37. Rxe7 Kf6 38. Rxe5 Rxe5 39. f4 Kf5
40. fxe5 Bc4 41. Kf2 Kf4 42. b4 g5 43. Bb2 h5 44. Bc3 g4 45. Bb2 h4 46. Bc3 Ke4
47. Kg1 Kf4 48. Be1 Kxe5 49. Bxh4 Kd6 50. Kf2 Kc6 51. Kg3 Be6 52. Be7 1/2-1/2

[Event "Olimpiade 2024 - Donne"]
[Site "Budapest"]
[Date "15.09.2024"]
[Round "5.24"]
[Board "2"]
[White "Roy, Ali"]
[Black "Klinova, Masha"]
[Result "0-1"]
[WhiteTitle "WFM"]
[BlackTitle "IM"]
[WhiteElo "1961"]
[BlackElo "2227"]
[WhiteTeam "Scotland"]
[BlackTeam "Israel"]
[WhiteFideId "2400456"]
[BlackFideId "2802015"]
[EventDate "2024.09.11"]

1. Nf3 d5 2. g3 g6 3. Bg2 Bg7 4. O-O e5 5. d3 Ne7 6. Nbd2 Nbc6 7. e4 O-O 8. a4
a5 9. b3 h6 10. Ba3 Re8 11. Re1 Be6 12. Rc1 Qd7 13. Bb2 Bg4 14. Nf1 d4 15. N1d2
Nb4 16. Nc4 Nec6 17. Qd2 Kh7 18. h4 Bf8 19. Ra1 Bg7 20. Rac1 b6 21. Nh2 Bh3 22.
f4 Bxg2 23. Qxg2 f5 24. h5 gxh5 25. Qh3 exf4 26. gxf4 Rad8 27. e5 Nd5 28. Qf3
Qe6 29. Kf2 Bf8 30. Rh1 Be7 31. Qxh5 Nxf4 32. Qf3 Ng6 33. Rcg1 Ncxe5 34. Nxe5
Nxe5 35. Qh5 Bf8 36. Bc1 Ng4+ 37. Nxg4 Qe2+ 38. Kg3 Qxg4+ 39. Qxg4 fxg4 40. Rg2
Bd6+ 41. Kxg4 Rg8+ 42. Kh3 Rdf8 43. Rxg8 Rxg8 44. Rf1 Rg3+ 45. Kh4 Rg2 46. Bf4
Bxf4 47. Rxf4 Rxc2 48. Rxd4 Kg6 49. b4 axb4 50. Rxb4 Kf5 51. Kg3 Rc3 52. Rd4 Ke5
53. Rd7 Ke6 54. Rd4 c5 55. Rh4 Rxd3+ 56. Kf2 Rd6 57. Rxh6+ Kd5 58. Rh4 Re6 59.
Kf3 c4 60. Rh5+ Kd4 61. a5 bxa5 62. Rxa5 c3 63. Ra8 Kd3 64. Rd8+ Kc2 65. Rh8 Kb2
66. Rb8+ Kc1 67. Rc8 c2 68. Rh8 Rb6 69. Ke3 Kb1 0-1

[Event "Olimpiade 2024 - Donne"]
[Site "Budapest"]
[Date "15.09.2024"]
[Round "5.24"]
[Board "3"]
[White "Orian, Noga"]
[Black "Cooke, Suzie G."]
[Result "1/2-1/2"]
[WhiteTitle "WFM"]
[BlackTitle "WFM"]
[WhiteElo "2187"]
[BlackElo "1941"]
[WhiteTeam "Israel"]
[BlackTeam "Scotland"]
[WhiteFideId "2836475"]
[BlackFideId "414930"]
[EventDate "2024.09.11"]

1. d4 e6 2. c4 Nf6 3. Nf3 d5 4. Nc3 c5 5. cxd5 exd5 6. Bg5 Be6 7. Qa4+ Nc6 8. e3
Qb6 9. Bb5 Be7 10. O-O O-O 11. Bxc6 bxc6 12. Qc2 c4 13. b3 cxb3 14. axb3 Rfb8
15. Nd2 Qd8 16. Na4 Ne4 17. Bxe7 Qxe7 18. Nc5 Nxc5 19. Qxc5 Qxc5 20. dxc5 Rb5
21. Rfc1 a5 22. Ra4 d4 23. exd4 Bxb3 24. Nxb3 Rxb3 25. Kf1 Kf8 26. Re1 Rb2 27.
g3 g6 28. h4 h5 29. Kg2 Rb3 30. Re3 Rb4 31. Rea3 Rxa4 32. Rxa4 Ke7 33. Kf3 Ke6
34. Ke4 f6 35. f3 Ra7 36. d5+ cxd5+ 37. Kd4 Ra6 38. g4 hxg4 39. fxg4 Ra7 40. Ra1
a4 41. Re1+ Kd7 42. Kxd5 Ra6 43. h5 gxh5 44. gxh5 f5 45. Rg1 Rh6 46. Rg7+ Kd8
47. c6 Rxh5 48. Kd6 Rh6+ 49. Kc5 Rh1 50. Rg8+ Kc7 51. Rg7+ Kc8 52. Rg8+ Kc7 53.
Rg7+ Kc8 1/2-1/2

[Event "Olimpiade 2024 - Donne"]
[Site "Budapest"]
[Date "15.09.2024"]
[Round "5.24"]
[Board "4"]
[White "Giulian, Rosemary A"]
[Black "Kochavi, Dana"]
[Result "0-1"]
[BlackTitle "WFM"]
[WhiteElo "1922"]
[BlackElo "2009"]
[WhiteTeam "Scotland"]
[BlackTeam "Israel"]
[WhiteFideId "2400375"]
[BlackFideId "2837137"]
[EventDate "2024.09.11"]

1. e4 c5 2. c3 Nf6 3. e5 Nd5 4. Nf3 Nc6 5. d4 cxd4 6. cxd4 d6 7. Bc4 Nb6 8. Bb5
Bd7 9. Nc3 dxe5 10. dxe5 g6 11. O-O Bg7 12. Bf4 O-O 13. Re1 Be6 14. Bxc6 bxc6
15. Qc1 Bg4 16. Ng5 h6 17. Nge4 g5 18. Bg3 Nc4 19. Nxg5 hxg5 20. Qxg5 Be6 21. b3
Nb6 22. Bf4 Nd5 23. Rad1 f6 24. exf6 exf6 25. Qg3 Bf5 26. Ne2 Re8 27. Nd4 Rxe1+
28. Rxe1 Nxf4 29. Qxf4 Bd7 30. h4 Qb8 31. Qc1 Qb4 32. Nf3 Rc8 33. Rd1 Be6 34.
Rd4 Qf8 35. Qd2 Bd5 36. Ne1 f5 37. Ra4 Qe7 38. Nc2 Rd8 39. Qf4 Bxb3 40. Ne3 Bxa4
41. Qxa4 f4 42. Nf5 Qe6 43. Nxg7 Kxg7 44. Qxa7+ Rd7 45. Qa5 Qf6 0-1

[Event "Olimpiade 2024 - Donne"]
[Site "Budapest"]
[Date "15.09.2024"]
[Round "5.25"]
[Board "2"]
[White "Zvereva, Marija"]
[Black "Li, Yunshan"]
[Result "0-1"]
[WhiteTitle "WIM"]
[BlackTitle "WIM"]
[WhiteElo "2035"]
[BlackElo "2268"]
[WhiteTeam "Monaco"]
[BlackTeam "Canada"]
[WhiteFideId "4121082"]
[BlackFideId "8607664"]
[EventDate "2024.09.11"]

1. e4 c6 2. d4 d5 3. exd5 cxd5 4. Bd3 Nc6 5. c3 Qc7 6. h3 e6 7. Nf3 Bd6 8. Be3
Bd7 9. Nbd2 f5 10. Nb3 Nf6 11. Qc2 Ne4 12. a3 Ne7 13. a4 Ng6 14. a5 a6 15. O-O
O-O 16. Rfe1 Nf4 17. Bxf4 Bxf4 18. Ne5 Bb5 19. f3 Bxe5 20. dxe5 Bxd3 21. Qxd3
Nc5 22. Nxc5 Qxc5+ 23. Qd4 Qb5 24. Ra4 Rf7 25. Qb4 Rc7 26. Qxb5 axb5 27. Ra3 Rc6
28. Rd1 Rca6 29. Rd4 Rxa5 30. Rxa5 Rxa5 31. Rb4 Kf7 32. Kf2 Ke7 33. Ke3 Kd7 34.
g4 Ra4 35. Rxb5 f4+ 36. Kd3 Kc6 37. Rb3 g5 38. Ke2 b5 39. Kd3 Kc5 40. Ra3 Rxa3
41. bxa3 h6 42. Kc2 Kc4 43. Kb2 d4 44. cxd4 Kxd4 45. Kb3 Ke3 46. Kb4 Kxf3 47.
Kxb5 Kg3 0-1

[Event "Olimpiade 2024 - Donne"]
[Site "Budapest"]
[Date "15.09.2024"]
[Round "5.25"]
[Board "3"]
[White "Pham, Bich Ngoc"]
[Black "Berezovsky, Fiorina"]
[Result "1-0"]
[WhiteTitle "WIM"]
[BlackTitle "WCM"]
[WhiteElo "2199"]
[BlackElo "1976"]
[WhiteTeam "Canada"]
[BlackTeam "Monaco"]
[WhiteFideId "12401285"]
[BlackFideId "5400651"]
[EventDate "2024.09.11"]

1. Nf3 d5 2. d4 Nf6 3. g3 Bf5 4. c4 c6 5. Nc3 dxc4 6. Bg2 e6 7. Nh4 Bb4 8. Nxf5
exf5 9. O-O O-O 10. e3 Nbd7 11. Qc2 g6 12. Nb1 Qe7 13. Qxc4 Rac8 14. a3 Bd6 15.
b4 Ne4 16. f3 Nef6 17. Nc3 b5 18. Qd3 Nb6 19. e4 Nh5 20. exf5 Rfd8 21. Be3 Nc4
22. Bf2 Ng7 23. Bh3 Qd7 24. Ne4 gxf5 1-0

[Event "Olimpiade 2024 - Donne"]
[Site "Budapest"]
[Date "15.09.2024"]
[Round "5.25"]
[Board "4"]
[White "Berezovska, Svetlana"]
[Black "Demchenko, Svitlana"]
[Result "1/2-1/2"]
[WhiteTitle "WCM"]
[BlackTitle "WIM"]
[WhiteElo "1869"]
[BlackElo "2167"]
[WhiteTeam "Monaco"]
[BlackTeam "Canada"]
[WhiteFideId "5400740"]
[BlackFideId "14149893"]
[EventDate "2024.09.11"]

1. e4 c5 2. Nf3 Nc6 3. d4 cxd4 4. Nxd4 Qb6 5. Nb3 Nf6 6. Nc3 e6 7. Be3 Qc7 8. a3
a6 9. Be2 b5 10. O-O Be7 11. f4 d6 12. Qe1 Bb7 13. Qg3 O-O 14. Bd3 b4 15. Nd1
Rfd8 16. Nf2 Rac8 17. Rae1 bxa3 18. bxa3 e5 19. Ng4 Nxg4 20. Qxg4 exf4 21. Qxf4
Bf6 22. Qg3 Be5 23. Qh4 Qe7 24. Bg5 f6 25. Be3 Re8 26. Rf3 Nd8 27. Rh3 g6 28.
Rf1 Ne6 29. Na5 Nf8 30. Nc4 Rc7 31. Nxe5 fxe5 32. Bg5 Qd7 33. Rhf3 Ne6 34. Bh6
d5 35. Qf6 Qe7 36. Qxe5 Ng7 37. Qxe7 Rcxe7 38. exd5 Bxd5 39. Rf6 Be6 40. Bxa6
Nf5 41. Bg5 Rc7 42. g4 Nd4 43. Bh6 Rf7 44. Rxf7 Bxf7 45. c3 Ne2+ 46. Bxe2 Rxe2
47. Rd1 Be6 48. h3 Kf7 49. Bf4 Ra2 50. Bd6 Bb3 51. Rd3 Ke6 52. Rd4 Rc2 53. Bb4
Bd5 54. h4 h6 55. a4 Ke5 56. a5 Bf3 57. a6 Ra2 58. Rd6 Kf4 59. Rxg6 Kg3 60. Bd6+
Kxh4 61. Rxh6+ Kxg4 62. Be5 Be2 63. Rh2 Ra1+ 64. Kf2 Bxa6 65. Ke3 Kf5 66. Rh5+
Ke6 67. Kd4 Rd1+ 68. Ke3 Re1+ 69. Kd4 Rd1+ 70. Ke3 Re1+ 1/2-1/2

[Event "Olimpiade 2024 - Donne"]
[Site "Budapest"]
[Date "15.09.2024"]
[Round "5.26"]
[Board "1"]
[White "Perez Rodriguez, Jennifer"]
[Black "Unuk, Laura"]
[Result "0-1"]
[WhiteTitle "WGM"]
[BlackTitle "IM"]
[WhiteElo "2224"]
[BlackElo "2316"]
[WhiteTeam "Paraguay"]
[BlackTeam "Slovenia"]
[WhiteFideId "3507831"]
[BlackFideId "14609215"]
[EventDate "2024.09.11"]

1. d4 Nf6 2. c4 e6 3. Nf3 b6 4. a3 Bb7 5. Bf4 d5 6. cxd5 Nxd5 7. Bg3 Nd7 8. e3
c5 9. Bd3 Be7 10. O-O O-O 11. Nbd2 cxd4 12. Nxd4 Nc5 13. Bb5 Rc8 14. Rc1 a6 15.
Be2 b5 16. Bf3 Qb6 17. Qc2 Rfd8 18. Qb1 h6 19. Rfd1 Bg5 20. Ne4 Nxe4 21. Qxe4
Rxc1 22. Rxc1 Nxe3 23. Qxb7 Qxd4 24. Rc8 Nf5 25. Rxd8+ Bxd8 26. Qc8 Kh7 27. Qc2
Bf6 28. Bb7 g6 29. Bxa6 Qb6 30. Bc8 Nd4 31. Qc7 Ne2+ 32. Kf1 Nxg3+ 33. Qxg3 Qc6
34. Qf3 Qc1+ 35. Ke2 Qxb2+ 36. Kd1 Qb1+ 37. Ke2 Qc2+ 38. Ke1 Bc3+ 39. Kf1 Qc1+
40. Ke2 Qd2+ 0-1

[Event "Olimpiade 2024 - Donne"]
[Site "Budapest"]
[Date "15.09.2024"]
[Round "5.26"]
[Board "2"]
[White "Urh, Zala"]
[Black "Vargas, Gabriela"]
[Result "1-0"]
[WhiteTitle "WIM"]
[BlackTitle "WIM"]
[WhiteElo "2251"]
[BlackElo "2109"]
[WhiteTeam "Slovenia"]
[BlackTeam "Paraguay"]
[WhiteFideId "14611481"]
[BlackFideId "3700860"]
[EventDate "2024.09.11"]

1. d4 d5 2. Bf4 e6 3. Nf3 Bd6 4. Bg3 Ne7 5. e3 c5 6. c3 Nbc6 7. Bd3 O-O 8. Nbd2
f6 9. dxc5 Bxc5 10. Nb3 Bd6 11. e4 dxe4 12. Bxe4 e5 13. O-O Be6 14. Nfd2 Qc7 15.
f3 Rad8 16. Qe2 f5 17. Bc2 Rfe8 18. Rfd1 Ng6 19. Kh1 Qf7 20. a4 Kh8 21. a5 a6
22. Ra4 Be7 23. Nc4 Rxd1+ 24. Bxd1 Bd5 25. Nbd2 Bf8 26. Nb6 Be6 27. Bc2 Rd8 28.
Ndc4 f4 29. Bf2 Bf5 30. Ra1 h6 31. Rd1 Rxd1+ 32. Qxd1 Kh7 33. h3 Be7 34. b4 Bxc2
35. Qxc2 Kh8 36. Qe4 Qe6 37. Qd5 Nf8 38. Qxe6 Nxe6 39. Nd7 Bf6 40. Nd6 Ncd8 41.
Bb6 Be7 42. Nc4 Nc6 43. Kg1 Kg8 44. Kf2 Bf6 45. Nd6 Ned8 46. Nc5 Kf8 47. Ndxb7
e4 48. Nxd8 e3+ 49. Ke2 Bxd8 50. Ne6+ Ke7 51. Nxf4 Kd6 52. Bxd8 Nxd8 53. Kxe3 g5
54. Ne2 Kd5 55. Kd3 Nc6 56. c4+ Ke5 57. Kc3 h5 58. Kb3 Kd6 59. Ng3 h4 60. Ne4+
Ke5 61. Nxg5 Nd4+ 62. Ka4 Kd6 63. b5 Kc5 64. bxa6 Nc6 65. Nf7 1-0

[Event "Olimpiade 2024 - Donne"]
[Site "Budapest"]
[Date "15.09.2024"]
[Round "5.26"]
[Board "4"]
[White "Mihelic, Vesna"]
[Black "Oviedo Acosta, Paula"]
[Result "1-0"]
[WhiteTitle "WFM"]
[BlackTitle "WCM"]
[WhiteElo "2069"]
[BlackElo "1790"]
[WhiteTeam "Slovenia"]
[BlackTeam "Paraguay"]
[WhiteFideId "14625520"]
[BlackFideId "3704394"]
[EventDate "2024.09.11"]

1. e4 c5 2. Nf3 a6 3. c3 e6 4. d4 d5 5. exd5 exd5 6. Bd3 c4 7. Bc2 Bd6 8. O-O
Ne7 9. Re1 O-O 10. Nbd2 Nbc6 11. Nf1 Bf5 12. Ng3 Bxc2 13. Qxc2 Qc7 14. Nf5 Rfe8
15. Bd2 Ng6 16. g3 b5 17. h4 Nf8 18. h5 Ne6 19. Rxe6 Rxe6 20. Ng5 h6 21. Nxe6
fxe6 22. Nxh6+ gxh6 23. Qg6+ Kh8 24. Qxh6+ Qh7 25. Qxe6 Rd8 26. Bg5 Qd7 27. Qh6+
Qh7 28. Bf6+ Kg8 29. Qg5+ Kf7 30. Bxd8 Ke8 31. Qxd5 Kd7 32. Bf6 Kc7 33. Re1 Qd7
34. Qe6 Qxe6 35. Rxe6 Bf8 36. d5 Nd8 37. Re8 Bh6 38. Rxd8 Bc1 39. f4 Bxb2 40. h6
b4 41. h7 b3 42. axb3 1-0

[Event "Olimpiade 2024 - Donne"]
[Site "Budapest"]
[Date "15.09.2024"]
[Round "5.27"]
[Board "1"]
[White "Smith, Olivia"]
[Black "Borosova, Zuzana"]
[Result "1-0"]
[WhiteTitle "WFM"]
[BlackTitle "WGM"]
[WhiteElo "2087"]
[BlackElo "2205"]
[WhiteTeam "Wales"]
[BlackTeam "Slovakia"]
[WhiteFideId "411850"]
[BlackFideId "14905779"]
[EventDate "2024.09.11"]

1. e4 e5 2. Nf3 Nc6 3. d4 exd4 4. Nxd4 Nf6 5. Nxc6 bxc6 6. e5 Qe7 7. Qe2 Nd5 8.
h4 a5 9. g3 Ba6 10. c4 Nb6 11. Nd2 O-O-O 12. b3 f6 13. Bb2 fxe5 14. Bh3 Kb8 15.
O-O d6 16. Bg2 Qe8 17. Rfe1 Be7 18. Nf3 c5 19. Bc3 Bf6 20. Nd2 Bb7 21. Bxb7 Kxb7
22. Bxa5 Qc6 23. Bxb6 cxb6 24. Ne4 d5 25. cxd5 Rxd5 26. a4 Rd4 27. a5 b5 28.
Rac1 c4 29. bxc4 Rxc4 30. Rxc4 bxc4 31. Rc1 Rd8 32. Rxc4 Qd5 33. Rb4+ Kc7 34.
Qc2+ Kd7 35. Nxf6+ gxf6 36. Qxh7+ Ke6 37. Rb6+ Rd6 38. Qg8+ Kf5 39. Qc8+ Kg6 40.
Qg4+ Kh6 41. Rxd6 Qxd6 42. h5 Kh7 43. Qg6+ Kh8 44. h6 1-0

[Event "Olimpiade 2024 - Donne"]
[Site "Budapest"]
[Date "15.09.2024"]
[Round "5.27"]
[Board "2"]
[White "Repkova, Eva"]
[Black "Camp, Imogen A L"]
[Result "1-0"]
[WhiteTitle "IM"]
[BlackTitle "WCM"]
[WhiteElo "2319"]
[BlackElo "1923"]
[WhiteTeam "Slovakia"]
[BlackTeam "Wales"]
[WhiteFideId "14900440"]
[BlackFideId "1802240"]
[EventDate "2024.09.11"]

1. e4 e5 2. Nf3 Nf6 3. Nxe5 Nxe4 4. Qe2 Qe7 5. Qxe4 d6 6. d4 dxe5 7. dxe5 Nc6 8.
Bb5 Bd7 9. Nc3 O-O-O 10. Bf4 g5 11. Be3 h6 12. O-O-O Bg7 13. Qa4 Qxe5 14. Bxa7
Nxa7 15. Bxd7+ Kb8 16. Rd5 Qf6 17. f3 c6 18. Ra5 Qd4 19. Rd1 Qxa4 20. Nxa4 Nb5
21. c4 Nd4 22. Nb6 Kc7 23. c5 Ne2+ 24. Kc2 Nf4 25. Rd2 Nd5 26. Nxd5+ cxd5 27.
Bb5 Be5 28. g3 h5 29. Re2 Bf6 30. Ra3 Ra8 31. Rxa8 Rxa8 32. a4 b6 33. cxb6+ Kxb6
34. Re8 Ra7 35. Rc8 Be7 36. Rc6+ Ka5 37. Kc3 Ra8 38. Kd4 Kb4 39. Kxd5 Ra7 40.
Rb6 Bd8 41. Rb8 Bc7 42. Rh8 h4 43. gxh4 Bxh2 44. hxg5 Bg3 45. Rh3 Bb8 46. f4 Re7
47. Rf3 Rc7 48. Rc3 Re7 49. Rf3 Rc7 50. Ke4 Re7+ 51. Kf5 Re6 52. Rd3 Re7 53. Rd7
Rxd7 54. Bxd7 Bd6 55. Be8 Be7 56. Bxf7 Kxa4 57. g6 Bf8 58. Kf6 1-0

[Event "Olimpiade 2024 - Donne"]
[Site "Budapest"]
[Date "15.09.2024"]
[Round "5.27"]
[Board "3"]
[White "Smith, Lynda"]
[Black "Mrvova, Alena"]
[Result "0-1"]
[WhiteTitle "WCM"]
[BlackTitle "WIM"]
[WhiteElo "1831"]
[BlackElo "2121"]
[WhiteTeam "Wales"]
[BlackTeam "Slovakia"]
[WhiteFideId "1800191"]
[BlackFideId "14902036"]
[EventDate "2024.09.11"]

1. e4 c5 2. Nc3 Nc6 3. g3 g6 4. Bg2 Bg7 5. d3 d6 6. Be3 Rb8 7. Qd2 Nf6 8. Bh6
Bxh6 9. Qxh6 Nd4 10. Qd2 b5 11. h4 h5 12. Nd1 e5 13. c3 Ne6 14. Nf3 Bb7 15. O-O
O-O 16. Ne3 c4 17. Ng5 Nxg5 18. hxg5 Nh7 19. f4 exf4 20. gxf4 Re8 21. Rae1 f6
22. dxc4 fxg5 23. cxb5 g4 24. Nd5 h4 25. e5 h3 26. Be4 dxe5 27. fxe5 Qh4 28. Qf4
Rf8 29. Nf6+ Nxf6 30. exf6 Bxe4 31. f7+ Kh7 32. Rxe4 Rxb5 33. Re8 Rf5 34. Qh2
Rxf1+ 35. Kxf1 Rxf7+ 36. Kg1 g3 37. Qd2 h2+ 38. Kh1 Rf1+ 0-1

[Event "Olimpiade 2024 - Donne"]
[Site "Budapest"]
[Date "15.09.2024"]
[Round "5.27"]
[Board "4"]
[White "Bochnickova, Simona"]
[Black "Kong, Emma Zihan"]
[Result "1-0"]
[WhiteTitle "WFM"]
[WhiteElo "2138"]
[BlackElo "1747"]
[WhiteTeam "Slovakia"]
[BlackTeam "Wales"]
[WhiteFideId "14958562"]
[BlackFideId "1805940"]
[EventDate "2024.09.11"]

1. e4 c5 2. Nf3 Nc6 3. d4 cxd4 4. Nxd4 e5 5. Nb5 d6 6. N1c3 Nf6 7. Bg5 a6 8. Na3
b5 9. Nd5 Be7 10. Bxf6 Bxf6 11. c3 Be6 12. Nc2 Be7 13. Nce3 Bg5 14. a4 Bxe3 15.
Nxe3 b4 16. cxb4 Nxb4 17. Bc4 Qd7 18. Qd2 Nc6 19. O-O Bxc4 20. Nxc4 Rd8 21. Ra3
d5 22. Nb6 Qb7 23. Nxd5 O-O 24. Nf6+ Kh8 25. Rh3 1-0

[Event "Olimpiade 2024 - Donne"]
[Site "Budapest"]
[Date "15.09.2024"]
[Round "5.28"]
[Board "1"]
[White "Rivera, Ingris"]
[Black "Pang, Kay Yan Eden"]
[Result "1-0"]
[WhiteTitle "WIM"]
[WhiteElo "2171"]
[BlackElo "1847"]
[WhiteTeam "Colombia"]
[BlackTeam "Singapore"]
[WhiteFideId "4402472"]
[BlackFideId "5825229"]
[EventDate "2024.09.11"]

1. d4 d5 2. Nf3 e6 3. g3 Nf6 4. Bg2 Be7 5. O-O O-O 6. c4 dxc4 7. Ne5 Nc6 8. Nxc6
bxc6 9. Bxc6 Rb8 10. Bg2 c5 11. Na3 cxd4 12. Nxc4 Bb7 13. Bxb7 Rxb7 14. Qd3 Qd5
15. b3 Rd8 16. Bb2 Ne4 17. Rad1 Rbd7 18. Qf3 Nc5 19. Qxd5 Rxd5 20. Ba3 Bf6 21.
Rd2 Ne4 22. Rc2 e5 23. Bb4 Rc8 24. Rfc1 g6 25. f3 Ng5 26. Nd6 Rxc2 27. Rxc2 h5
28. Rc8+ Kh7 29. h4 Nxf3+ 30. exf3 Be7 31. Ne4 f5 32. Rc7 fxe4 33. Rxe7+ Kg8 34.
fxe4 Rb5 35. Bd2 Rc5 36. Kf2 Rc2 37. Ke2 Rxa2 38. Rxe5 1-0

[Event "Olimpiade 2024 - Donne"]
[Site "Budapest"]
[Date "15.09.2024"]
[Round "5.28"]
[Board "3"]
[White "Chirivi C, Jenny Astrid"]
[Black "Koh, Wei Le Gladys"]
[Result "0-1"]
[WhiteTitle "WIM"]
[WhiteElo "2120"]
[BlackElo "1788"]
[WhiteTeam "Colombia"]
[BlackTeam "Singapore"]
[WhiteFideId "4403061"]
[BlackFideId "5820669"]
[EventDate "2024.09.11"]

1. d4 d5 2. c4 c6 3. Nf3 Nf6 4. e3 e6 5. Bd3 Nbd7 6. O-O dxc4 7. Bxc4 b5 8. Bd3
Bb7 9. a4 b4 10. Nbd2 Be7 11. e4 c5 12. e5 Nd5 13. Nc4 h6 14. a5 Rc8 15. Qe2 Kf8
16. Rd1 Qc7 17. a6 Ba8 18. Bd2 Qb8 19. h4 g6 20. h5 g5 21. g3 cxd4 22. Nxd4 N5b6
23. Ra5 Nxc4 24. Bxc4 Qc7 25. Rb5 Qxc4 26. Qxc4 Rxc4 27. Be1 Nb6 28. b3 Rc5 29.
Bxb4 Rxb5 30. Bxe7+ Kxe7 31. Nxb5 Bd5 32. b4 Nd7 33. f4 gxf4 34. gxf4 Rg8+ 35.
Kf2 Rb8 36. Nxa7 Ra8 37. Nb5 Rxa6 38. Nc3 Bb7 39. Ke3 Nb6 40. f5 Nd5+ 41. Nxd5+
Bxd5 42. Kd4 Rc6 43. f6+ Kd7 44. Rb1 Rc4+ 45. Ke3 Re4+ 46. Kd3 Rxe5 47. Ra1 Bb7
48. Kc4 Rxh5 49. b5 Kc7 50. Rd1 Bd5+ 51. Kb4 Kb6 52. Ra1 Rh4+ 53. Kc3 Rf4 0-1

[Event "Olimpiade 2024 - Donne"]
[Site "Budapest"]
[Date "15.09.2024"]
[Round "5.28"]
[Board "4"]
[White "Fang, Kun"]
[Black "Lopez Rayo, Isabella"]
[Result "0-1"]
[WhiteTitle "WCM"]
[BlackTitle "WCM"]
[WhiteElo "1769"]
[BlackElo "1952"]
[WhiteTeam "Singapore"]
[BlackTeam "Colombia"]
[WhiteFideId "5819660"]
[BlackFideId "4452755"]
[EventDate "2024.09.11"]

1. e4 e5 2. Nf3 Nc6 3. Bb5 f5 4. d4 fxe4 5. Nxe5 Nxe5 6. dxe5 c6 7. Be2 Qa5+ 8.
Bd2 Qxe5 9. Bh5+ Kd8 10. Nc3 Nf6 11. Bg4 h5 12. Bh3 d5 13. Bxc8 Rxc8 14. Qe2 Bd6
15. O-O-O d4 16. Nb1 Kc7 17. g3 Qd5 18. Bc3 c5 19. b3 Qf5 20. Na3 Kb8 21. Bb2
Ng4 22. Nc4 Bc7 23. Rde1 Nxf2 24. Rhf1 Rhf8 25. Kb1 e3 26. Nxe3 dxe3 27. Qxe3
Qf3 28. Qe7 Qf7 29. Bxg7 Qxe7 30. Rxe7 Rf5 31. Re2 Rf7 32. Bh6 Rh7 33. Bg5 Ng4
34. h3 Ne5 35. Rf5 Nc6 36. Rxc5 Bxg3 37. Rd5 Rf7 38. Kb2 h4 39. a3 Rf2 40. Rxf2
Bxf2 41. Rd7 Nd4 42. c3 Ne6 43. Bf6 Rf8 44. Be5+ Ka8 45. c4 Bg3 46. Bd6 Rh8 47.
c5 a6 48. b4 Ng5 49. a4 Bxd6 50. cxd6 Kb8 51. Re7 Kc8 52. Rc7+ Kb8 53. Re7 Rd8
54. Rg7 Nf3 55. Rg6 Rh8 56. Kc3 Rc8+ 57. Kb2 Ne5 58. Re6 Nf7 59. Kb3 Rd8 60. Re4
Rh8 61. Rd4 Kc8 62. Kc4 Kd7 63. Kc5 Rh5+ 64. Kb6 Nxd6 65. Rg4 Ke6 66. Rg6+ Kd5
67. Kc7 Rh7+ 68. Kb6 Nc4+ 69. Ka7 b5+ 70. Kxa6 bxa4 71. b5 a3 72. Rg2 Rh6+ 0-1

[Event "Olimpiade 2024 - Donne"]
[Site "Budapest"]
[Date "15.09.2024"]
[Round "5.29"]
[Board "1"]
[White "Zhang, Jilin"]
[Black "Mayorga Araya, Sofia"]
[Result "1/2-1/2"]
[WhiteTitle "WGM"]
[BlackTitle "WIM"]
[WhiteElo "2155"]
[BlackElo "2059"]
[WhiteTeam "Australia"]
[BlackTeam "Costa Rica"]
[WhiteFideId "8602867"]
[BlackFideId "6514065"]
[EventDate "2024.09.11"]

1. e4 c5 2. Nf3 d6 3. d4 cxd4 4. Nxd4 Nf6 5. Nc3 a6 6. Be2 e5 7. Nb3 Be7 8. O-O
Be6 9. Be3 O-O 10. Re1 Nbd7 11. a4 Rc8 12. Bf3 Qc7 13. a5 Rfd8 14. Nd2 h6 15.
Nf1 Nc5 16. Nd5 Nxd5 17. exd5 Bf5 18. Ng3 Bh7 19. Bg4 Rb8 20. b3 Rf8 21. Nf5 Bf6
22. b4 Nd7 23. Rc1 b6 24. axb6 Nxb6 25. c4 Rfd8 26. Qf3 e4 27. Qxe4 Re8 28. Qf3
Nd7 29. Nxh6+ Kf8 30. Qh3 Ne5 31. Bf5 Bg6 32. Bxg6 fxg6 33. Ng4 Nxg4 34. Qxg4
Rxb4 35. Qxg6 Rxc4 36. Bg5 Rxe1+ 37. Rxe1 Qf7 38. Qxf7+ Kxf7 39. Bxf6 gxf6 40.
g3 Rc5 41. Rd1 a5 42. Rd4 Kg6 43. g4 Rb5 44. Kf1 Kg5 45. h3 Rb3 46. Ra4 Rb5 47.
Kg2 Rxd5 48. Kg3 Rb5 49. h4+ Kg6 50. Rc4 f5 51. Rc6 fxg4 52. Kxg4 Rd5 53. Ra6
Kh6 54. f4 Kg6 55. Ra8 Kh6 56. Rh8+ Kg7 57. Ra8 Kh6 58. Rh8+ Kg7 59. Ra8 1/2-1/2